00394nam a22001577a 450000500170000001000130001702000260003003500170005603500130007303700180008608200120010424500450011626000320016130000290019349000140022220170425113229.0 aBAC-CH25 a9788180221637c225.00 aB-558352-387 aB-669738 adplbABC /Ven a523.203 aJunior encyclopedia : the solar system / bPriority Publicationsc2013 a48p.:bcol.illc27cm(Hb) aBlow-up !